000 00588nam a2200229Ia 4500
003 OSt
005 20221005123508.0
006 a|||||r|||| 00| 0
007 ta
008 221004b |||||||| |||| 00| 0 eng d
024 _a60092
037 _cTextual
040 _aCRL
_cCRL
_beng
041 _2eng
_aeng
082 _aV2:4wN82, B5
100 _aBruce William Napier
_9633748
245 0 _aLife of General Sir Charles Napier G C B
260 _c1885
650 _aHISTORY
942 _hV2:4wN82, B5
_cTEXL
_2cc
999 _c1047597
_d1047597